[Event "A test for players who move fairly quickly"]
[Site "SchemingMind.com"]
[Date "2012.09.01"]
[Round "-"]
[White "lennart"]
[Black "Phillip Beckett"]
[Result "0-1"]
[WhiteCountry "SWE"]
[BlackCountry "ENG"]
[WhiteElo "1471"]
[WhiteRD "55"]
[BlackElo "1561"]
[BlackRD "46"]
[GameID "317091"]

1. e4 e5 2. Nf3 Nc6 3. a3 Nf6 4. d3 Be7 5. h3 d6 6. Bd2 h6 7. Nc3 O-O 8. Qe2 Nh7 9. g3 Ng5 10. Nd5 Nxf3+
11. Qxf3 Nd4 12. Qd1 c6 13. Nxe7+ Qxe7 14. c3 Ne6 15. Qe2 f5 16. Bg2 f4 17. O-O-O Ng5 18. h4 f3 19. Bxf3 Nxf3 20. Be3 Bg4
21. Qc2 d5 22. Kb1 d4 23. Bc1 dxc3 24. Qxc3 Nd4 25. Qc4+ Kh7 26. Rde1 Nf3 27. Re3 b5 28. Qxc6 Rfc8 29. Qxb5 Rab8 30. Qa4 Nd4
31. f4 Nb3 32. d4 Nxd4 33. Ka1 Nc2+
0-1

[Event "A test for players who move fairly quickly"]
[Site "SchemingMind.com"]
[Date "2012.09.01"]
[Round "-"]
[White "lennart"]
[Black "Scooter"]
[Result "0-1"]
[WhiteCountry "SWE"]
[BlackCountry "USA"]
[WhiteElo "1471"]
[WhiteRD "55"]
[BlackElo "1806"]
[BlackRD "47"]
[GameID "317092"]

1. e4 c6 2. Nc3 d5 3. e5 Bf5 4. d4 e6 5. h3 h6 6. Bd3 Bxd3 7. Qxd3 Bb4 8. Nf3 Ne7 9. Bd2 Nd7 10. a3 Bxc3
11. Qxc3 Qc7 12. Bf4 O-O-O 13. O-O c5 14. dxc5 Nxc5 15. Be3 Ne4 16. Qxc7+ Kxc7 17. Bxa7 b6 18. Bxb6+ Kxb6 19. Nd4 Nc6 20. Rad1 Nxe5
21. Kh2 Rc8 22. f3 Nf6 23. f4 Nfg4+ 24. hxg4 Nxg4+ 25. Kh3 Ne3 26. Rf3 Nxd1 27. Rb3+ Kc5 28. c3 Rb8
0-1

[Event "A test for players who move fairly quickly"]
[Site "SchemingMind.com"]
[Date "2012.09.02"]
[Round "-"]
[White "lennart"]
[Black "kenneth m day"]
[Result "0-1"]
[WhiteCountry "SWE"]
[BlackCountry "USA"]
[WhiteElo "1471"]
[WhiteRD "55"]
[BlackElo "1775"]
[BlackRD "51"]
[GameID "317093"]

1. e4 d5 2. exd5 Qxd5 3. Nc3 Qd6 4. Nf3 Nf6 5. d4 a6 6. Bd3 Bg4 7. h3 Bh5 8. Be3 Nc6 9. a3 O-O-O 10. Bf5+ e6
11. Bg4 Bg6 12. b4 h6 13. O-O h5 14. Ng5 hxg4 15. hxg4 Qh2#
0-1

[Event "A test for players who move fairly quickly"]
[Site "SchemingMind.com"]
[Date "2012.09.01"]
[Round "-"]
[White "lennart"]
[Black "hoochicoochiman"]
[Result "0-1"]
[WhiteCountry "SWE"]
[BlackCountry "ENG"]
[WhiteElo "1502"]
[WhiteRD "54"]
[BlackElo "1622"]
[BlackRD "79"]
[GameID "317094"]

1. e4 e6 2. Nc3 d5 3. exd5 exd5 4. d4 Be6 5. Nf3 c5 6. dxc5 Bxc5 7. Nd4 Qb6 8. Nce2 Nd7 9. c3 Ngf6 10. b4 Bxd4
11. Nxd4 Rc8 12. Bd2 Ne4 13. Qb3 O-O 14. Be3 Qc7 15. Rc1 Qe5 16. f4 Qf6 17. Nxe6 fxe6 18. Bb5 Rfd8 19. Rc2 Rxc3 20. Rxc3 Qxc3+
21. Qxc3 Nxc3 22. Bxd7 Rxd7 23. a3 d4 24. Bf2 b5 25. Bg3 Nb1 26. O-O Nxa3 27. Rd1 Kf7 28. Kf2 Nc4 29. Rd3 Kg6 30. Kf3 Kf5
31. Bh4 h6 32. g4+ Kg6 33. Bf2 e5 34. f5+ Kf6 35. Bh4+ g5 36. fxg6+ Kxg6 37. Ke4 Rf7 38. Bg3 Rf1 39. h4 Rb1 40. h5+ Kg5
0-1

[Event "A test for players who move fairly quickly"]
[Site "SchemingMind.com"]
[Date "2012.09.01"]
[Round "-"]
[White "roque"]
[Black "lennart"]
[Result "1-0"]
[WhiteCountry "FRA"]
[BlackCountry "SWE"]
[WhiteElo "1893"]
[WhiteRD "81"]
[BlackElo "1471"]
[BlackRD "55"]
[GameID "317095"]

1. e4 e5 2. Nf3 d6 3. d4 a6 4. dxe5 Nd7 5. exd6 cxd6 6. Bc4 h6 7. O-O Ngf6 8. Nc3 Be7 9. Re1 b5 10. Bb3 Rb8
11. Qe2 O-O 12. Nd4 Qc7 13. Nf5 Bd8 14. Bxh6 gxh6 15. Nxh6+ Kh7 16. Nxf7 Rxf7 17. Bxf7 Ne5 18. Bb3 Qg7 19. Qe3 Nfg4 20. Qh3+ Nh6
21. Qg3 Qxg3 22. hxg3 Bb6 23. Kf1 Bg4 24. f3 Rf8 25. Ke2 Bh5 26. g4 Bg6 27. Rad1 Bc5 28. g5 Nhf7 29. Rh1+ Kg7 30. f4 Ng4
31. f5 Bh7 32. Bxf7 Rxf7 33. Rxh7+
1-0

[Event "A test for players who move fairly quickly"]
[Site "SchemingMind.com"]
[Date "2012.09.01"]
[Round "-"]
[White "keen"]
[Black "lennart"]
[Result "1-0"]
[WhiteCountry "SCO"]
[BlackCountry "SWE"]
[WhiteElo "1762"]
[WhiteRD "59"]
[BlackElo "1471"]
[BlackRD "55"]
[GameID "317096"]

1. d4 d5 2. e3 Nf6 3. Bd3 a6 4. Nd2 e6 5. f4 Nc6 6. Ngf3 Be7 7. O-O Qd6 8. Ne5 Qd8 9. Qf3 Nd7 10. c3 Ndxe5
11. fxe5 f6 12. Qh5+ Kd7 13. e4 g6 14. Qf3 Rf8 15. exd5 fxe5 16. dxc6+ bxc6 17. Qe4 Rf5 18. dxe5 Qf8 19. Qd4+ Ke8 20. Bxf5 gxf5
21. Qc4 c5 22. Nf3 Bd7 23. Be3 Bb5 24. Qxe6 Bxf1 25. Qc6+ Kf7 26. Rxf1 Ra7 27. Nd4
1-0

[Event "A test for players who move fairly quickly"]
[Site "SchemingMind.com"]
[Date "2012.09.05"]
[Round "-"]
[White "mmccaffe"]
[Black "lennart"]
[Result "1-0"]
[WhiteCountry "USA"]
[BlackCountry "SWE"]
[WhiteElo "1622"]
[WhiteRD "59"]
[BlackElo "1502"]
[BlackRD "54"]
[GameID "317097"]

1. e4 e5 2. Nf3 d6 3. d4 exd4 4. Nxd4 a6 5. Nc3 h6 6. Be3 c6 7. g3 Nf6 8. Bg2 c5 9. Nde2 b5 10. e5 Ra7
11. exf6 Qxf6 12. O-O Be6 13. Rb1 Rd7 14. Nd5 Qe5 15. Nef4 Bf5 16. Re1 Be7 17. Bxc5 Qxe1+ 18. Qxe1 Nc6 19. Nxe7 Nxe7 20. Ba3 a5
21. b3 O-O 22. Bc6 Nxc6 23. Rc1 b4 24. Bb2 d5 25. c4 d4 26. Nd5 d3 27. Rd1 Kh7 28. Qe3 Bg6 29. Qb6 Rd6 30. Qc7 Re6
31. h3 Be4 32. Bd4 Kg8 33. Be3 Ne5 34. Qxa5 Nf3+ 35. Kf1 Re5 36. Qxb4 h5 37. Bf4 Rf5 38. Ne7+ Kh7 39. Nxf5
1-0

[Event "A test for players who move fairly quickly"]
[Site "SchemingMind.com"]
[Date "2012.09.01"]
[Round "-"]
[White "Phillip Beckett"]
[Black "lennart"]
[Result "1-0"]
[WhiteCountry "ENG"]
[BlackCountry "SWE"]
[WhiteElo "1561"]
[WhiteRD "46"]
[BlackElo "1471"]
[BlackRD "55"]
[GameID "317099"]

1. d4 d5 2. e3 Nc6 3. f4 e6 4. c3 a6 5. Nf3 h6 6. Bd3 Nf6 7. O-O Qd6 8. Ne5 Qd8 9. Nd2 Nxe5 10. fxe5 Ne4
11. Nxe4 dxe4 12. Bxe4 Be7 13. Qf3 Rf8 14. Bxb7 Rb8 15. Bxc8 Qxc8 16. Qg4 g6 17. e4 Rh8 18. Qf3 Rh7 19. Qh3 g5 20. d5 h5
21. Qd3 g4 22. d6 Qd7 23. Bf4 Bf8 24. Rad1 Bg7 25. dxc7 Qxc7 26. Qd6 Qa7+ 27. Kh1 Bf8 28. Qc6+ Ke7 29. Bg5+ f6 30. Bxf6+ Kf7
31. Bd8+ Kg8 32. Qxe6+ Kg7 33. Qf6+ Kg8 34. Qxf8#
1-0

[Event "A test for players who move fairly quickly"]
[Site "SchemingMind.com"]
[Date "2012.09.01"]
[Round "-"]
[White "Scooter"]
[Black "lennart"]
[Result "1-0"]
[WhiteCountry "USA"]
[BlackCountry "SWE"]
[WhiteElo "1806"]
[WhiteRD "47"]
[BlackElo "1471"]
[BlackRD "55"]
[GameID "317100"]

1. d4 Nc6 2. Nf3 Nf6 3. Bf4 Nd5 4. Bg5 h6 5. Bh4 d6 6. e3 Be6 7. c4 g5 8. cxd5 Bxd5 9. Bg3 Qd7 10. Bb5 Bg7
11. O-O a6 12. Bxc6 Qxc6 13. h3 O-O-O 14. Nbd2 Qb5 15. b3 f5 16. Rc1 Rd7 17. Qc2 e6 18. a4 Qb6 19. Nc4 Bxc4 20. Qxc4 c6
21. Qxe6 Kc7 22. Qxf5 Qxb3 23. Qa5+ Kb8 24. Rb1 Qc4 25. Qb6 Rc8 26. Bxd6+ Ka8 27. Bc5 Kb8 28. Rb4
1-0

[Event "A test for players who move fairly quickly"]
[Site "SchemingMind.com"]
[Date "2012.09.02"]
[Round "-"]
[White "kenneth m day"]
[Black "lennart"]
[Result "1-0"]
[WhiteCountry "USA"]
[BlackCountry "SWE"]
[WhiteElo "1775"]
[WhiteRD "51"]
[BlackElo "1471"]
[BlackRD "55"]
[GameID "317101"]

1. e4 e5 2. Nf3 d6 3. d4 exd4 4. Nxd4 a6 5. Bc4 Qf6 6. O-O h6 7. Nc3 c6 8. f4 Nd7 9. Be3 b5 10. Be2 b4
11. Na4 Bb7 12. Qd2 a5 13. Nf5 c5 14. Bf3 Qe6 15. Ng3 Ne7 16. b3 Rb8 17. Rad1 Nc6 18. Nf5 Rd8 19. Nxd6+ Bxd6 20. Qxd6 Qxd6
21. Rxd6 O-O 22. Rfd1 Bc8 23. Rxc6 f6 24. Nxc5
1-0

[Event "A test for players who move fairly quickly"]
[Site "SchemingMind.com"]
[Date "2012.09.02"]
[Round "-"]
[White "hoochicoochiman"]
[Black "lennart"]
[Result "1-0"]
[WhiteCountry "ENG"]
[BlackCountry "SWE"]
[WhiteElo "1627"]
[WhiteRD "80"]
[BlackElo "1471"]
[BlackRD "55"]
[GameID "317102"]

1. b3 e5 2. Bb2 d6 3. c4 Nc6 4. e3 Nf6 5. Be2 a6 6. d4 e4 7. d5 Ne7 8. Bxf6 gxf6 9. Nc3 Bf5 10. f3 exf3
11. Bxf3 Qd7 12. Nge2 O-O-O 13. Nd4 Bg6 14. O-O f5 15. Nde2 Bg7 16. Rc1 Bh6 17. Qd4 Kb8 18. Rce1 Rhe8 19. Ng3 Rg8 20. Bh5 Bxh5
21. Nxh5 Rg4 22. Qd3 Rdg8 23. Rf2 c6 24. Nf6 Qc8 25. Nxg8 Nxg8 26. Rxf5 Ne7 27. Rxf7 Qe8 28. Qxh7 Bg5 29. Qh5 Nf5 30. Rxb7+ Kxb7
31. Qxe8
1-0

[Event "A test for players who move fairly quickly"]
[Site "SchemingMind.com"]
[Date "2012.09.02"]
[Round "-"]
[White "ray winteringham"]
[Black "roque"]
[Result "0-1"]
[WhiteCountry "ENG"]
[BlackCountry "FRA"]
[WhiteElo "1532"]
[WhiteRD "50"]
[BlackElo "1893"]
[BlackRD "81"]
[GameID "317190"]

1. d4 Nf6 2. Nc3 e6 3. e4 Bb4 4. e5 Nd5 5. Bd2 Nxc3 6. bxc3 Be7 7. Bd3 d6 8. exd6 cxd6 9. Nf3 Nc6 10. O-O O-O
11. Qb1 Bf6 12. Be3 Re8 13. Rd1 Qc7 14. c4 e5 15. Be4 exd4 16. Bxc6 Qxc6 17. Bxd4 Bxd4 18. Rxd4 Re4 19. Qb3 Rxd4 20. Nxd4 Qc5
21. Rd1 b6 22. Qf3 d5 23. Qe3 Bb7 24. Re1 dxc4 25. c3 h6 26. Qg3 Qg5 27. Qxg5 hxg5 28. Re7 Rb8 29. Nf5 a6 30. Rd7 Re8
31. h3 Bc8 32. Re7 Kf8 33. Ra7 Bxf5 34. Rxa6 Rb8 35. Ra4 b5 36. Rb4 Bc2
0-1

[Event "A test for players who move fairly quickly"]
[Site "SchemingMind.com"]
[Date "2012.09.02"]
[Round "-"]
[White "ray winteringham"]
[Black "keen"]
[Result "0-1"]
[WhiteCountry "ENG"]
[BlackCountry "SCO"]
[WhiteElo "1532"]
[WhiteRD "50"]
[BlackElo "1762"]
[BlackRD "59"]
[GameID "317191"]

1. d4 d5 2. c4 Nf6 3. Bg5 h6 4. Bxf6 exf6 5. Nf3 Bb4+ 6. Nbd2 O-O 7. b3 Re8 8. e3 Bg4 9. Be2 c5 10. O-O dxc4
11. Nxc4 cxd4 12. Nxd4 Bxe2 13. Nxe2 Nc6 14. Qxd8 Raxd8 15. Rad1 Kf8 16. h3 Ne5 17. Nb2 Rc8 18. f4 Ng6 19. Nd3 Ba5 20. Nd4 Rxe3
21. Nf2 Nxf4 22. Nf5 Re2 23. a3 Bb6 24. Rde1 Bxf2+
0-1

[Event "A test for players who move fairly quickly"]
[Site "SchemingMind.com"]
[Date "2012.09.04"]
[Round "-"]
[White "ray winteringham"]
[Black "mmccaffe"]
[Result "1-0"]
[WhiteCountry "ENG"]
[BlackCountry "USA"]
[WhiteElo "1532"]
[WhiteRD "50"]
[BlackElo "1602"]
[BlackRD "57"]
[GameID "317192"]

1. d4 Nf6 2. Nc3 d5 3. Bg5 e6 4. e3 Be7 5. Bd3 Nbd7 6. Nf3 h6 7. Bh4 O-O 8. O-O b6 9. h3 Bb7 10. Bxf6 Nxf6
11. Ne2 c5 12. c3 Ne4 13. a3 c4 14. Bxe4 dxe4 15. Ne5 f6 16. Ng6 Re8 17. Nef4 Qd7 18. g4 f5 19. Kh2 b5 20. Rg1 Rad8
21. gxf5 exf5 22. Qh5 Bg5 23. Rxg5 hxg5 24. Qh8+ Kf7 25. Ne5+
1-0

[Event "A test for players who move fairly quickly"]
[Site "SchemingMind.com"]
[Date "2012.09.04"]
[Round "-"]
[White "ray winteringham"]
[Black "emvarela"]
[Result "1-0"]
[WhiteCountry "ENG"]
[BlackCountry "ARG"]
[WhiteElo "1532"]
[WhiteRD "50"]
[BlackElo "1746"]
[BlackRD "46"]
[GameID "317193"]

1. d4 Nf6 2. Bg5 Ne4 3. Bh4 c5 4. e3 d5 5. c3 Qb6 6. Qc2 cxd4 7. exd4 e6 8. Bd3 f5 9. Ne2 g5 10. Bxe4 gxh4
11. Bf3 Bh6 12. Bh5+ Ke7 13. O-O Nc6 14. g3 hxg3 15. fxg3 Bd7 16. Nd2 Bxd2 17. Qxd2 Raf8 18. Qg5+ Kd6 19. b4 Rhg8 20. Qe3 Rg4
21. Bxg4
1-0

[Event "A test for players who move fairly quickly"]
[Site "SchemingMind.com"]
[Date "2012.09.02"]
[Round "-"]
[White "ray winteringham"]
[Black "Phillip Beckett"]
[Result "1-0"]
[WhiteCountry "ENG"]
[BlackCountry "ENG"]
[WhiteElo "1532"]
[WhiteRD "50"]
[BlackElo "1561"]
[BlackRD "46"]
[GameID "317194"]

1. d4 d5 2. c4 e6 3. Nf3 Nf6 4. e3 Be7 5. Bd3 dxc4 6. Bxc4 Nbd7 7. O-O O-O 8. b3 c5 9. Bb2 cxd4 10. Nxd4 Nb6
11. Nd2 Nxc4 12. Nxc4 Bd7 13. Qf3 Qc7 14. Rac1 Bc6 15. Nd2 Bxf3 16. Rxc7 Bb4 17. N2xf3 Ba5 18. Rxb7
1-0

[Event "A test for players who move fairly quickly"]
[Site "SchemingMind.com"]
[Date "2012.09.02"]
[Round "-"]
[White "ray winteringham"]
[Black "lennart"]
[Result "1-0"]
[WhiteCountry "ENG"]
[BlackCountry "SWE"]
[WhiteElo "1532"]
[WhiteRD "50"]
[BlackElo "1471"]
[BlackRD "55"]
[GameID "317195"]

1. d4 d5 2. c4 dxc4 3. e4 e6 4. Bxc4 Nf6 5. Bg5 a6 6. e5 h6 7. Bh4 g5 8. Bg3 Nfd7 9. Ne2 Qe7 10. Nbc3 Nb6
11. Bb3 a5 12. h4 g4 13. Nf4 a4 14. Bc2 h5 15. O-O a3 16. bxa3 c5 17. d5 Bd7 18. d6 Qd8 19. Ne4 Qc8 20. f3 Nc4
21. Bb3 Ne3 22. Qe2 Nxf1 23. Qxf1 Kd8 24. fxg4 Qc6 25. Ng5 Kc8 26. Nxf7 Rg8 27. g5 Rg7 28. Nxh5 Qe4 29. Nh6
1-0

[Event "A test for players who move fairly quickly"]
[Site "SchemingMind.com"]
[Date "2012.09.03"]
[Round "-"]
[White "ray winteringham"]
[Black "Scooter"]
[Result "0-1"]
[WhiteCountry "ENG"]
[BlackCountry "USA"]
[WhiteElo "1532"]
[WhiteRD "50"]
[BlackElo "1806"]
[BlackRD "47"]
[GameID "317196"]

1. d4 Nf6 2. Nc3 e6 3. a3 d5 4. Bg5 Be7 5. e3 Nbd7 6. Bd3 c5 7. Nf3 O-O 8. O-O c4 9. Be2 a6 10. b3 b5
11. a4 b4 12. Na2 c3 13. Bxf6 Nxf6 14. Ne5 Bb7 15. h3 Nd7 16. f4 f6 17. Nd3 a5 18. Bf3 f5 19. Nac1 Ba6 20. Re1 Bh4
21. Nf2 Rf6 22. Ncd3 Bxd3 23. Qxd3 Rg6 24. g4 Bxf2+ 25. Kxf2 Qh4+ 26. Kg2 fxg4 27. Bxg4 Nf6 28. Qe2 Nxg4 29. Qf3 Ne5+
0-1

[Event "A test for players who move fairly quickly"]
[Site "SchemingMind.com"]
[Date "2012.09.02"]
[Round "-"]
[White "ray winteringham"]
[Black "kenneth m day"]
[Result "0-1"]
[WhiteCountry "ENG"]
[BlackCountry "USA"]
[WhiteElo "1532"]
[WhiteRD "50"]
[BlackElo "1775"]
[BlackRD "51"]
[GameID "317197"]

1. d4 Nf6 2. e3 d5 3. Bd3 Bg4 4. f3 Bh5 5. Ne2 e6 6. O-O Bd6 7. Qe1 Bg6 8. Qd2 Nbd7 9. c4 c5 10. Bxg6 hxg6
11. b3 Bxh2+ 12. Kf2 Bd6 13. Bb2 Nh5 14. g4 Qh4+ 15. Kg1 Qh2#
0-1

[Event "A test for players who move fairly quickly"]
[Site "SchemingMind.com"]
[Date "2012.09.02"]
[Round "-"]
[White "ray winteringham"]
[Black "hoochicoochiman"]
[Result "1-0"]
[WhiteCountry "ENG"]
[BlackCountry "ENG"]
[WhiteElo "1496"]
[WhiteRD "50"]
[BlackElo "1622"]
[BlackRD "79"]
[GameID "317198"]

1. d4 c6 2. e4 d5 3. e5 Bf5 4. Bd3 Bxd3 5. Qxd3 e6 6. Bf4 Qb6 7. b3 Ne7 8. Nf3 Ng6 9. Be3 Nd7 10. O-O Be7
11. c4 c5 12. Nc3 cxd4 13. Nxd4 Ngxe5 14. Qe2 Qa5 15. Bd2 Qa6 16. Bf4 Bf6 17. Ncb5 Rc8 18. cxd5 exd5 19. Nf5 O-O 20. a4 Rc6
21. Rfd1 Ng6 22. Be3 Nb6 23. Bxb6 Bxa1 24. Bxa7 Nf4 25. Qg4 Ne6 26. Ne7+ Kh8 27. Nxc6 Qxc6 28. Rxa1 Qc2 29. Qd1 Rc8 30. Qxc2 Rxc2
31. Nd6 f6 32. b4 Rc7 33. h3 g6 34. Re1 Ng7 35. Bd4 Rd7 36. Ne4 dxe4 37. Bxf6 Kg8 38. Rxe4 Kf7 39. Bxg7 Kxg7 40. a5 Kf6
41. Kf1 b6 42. a6 b5 43. Re1 Ra7 44. Ra1 Ke5 45. Ra5 Kd4 46. Rxb5 Rxa6 47. Ra5 Rb6 48. b5 Kc5 49. Ra7 h5 50. Ra6 Kxb5
51. Rxb6+ Kxb6 52. Ke2 Kc6 53. Ke3 Kd6 54. Ke4 Ke6 55. f4 Kf6 56. g3 g5 57. f5 g4 58. h4 Kf7 59. Ke5 Ke7 60. f6+ Kf7
61. Kf5 Kg8 62. Kg6 Kf8 63. Kxh5 Kf7 64. Kg5 Kg8 65. Kxg4 Kf7 66. Kg5 Kg8 67. Kg6 Kh8 68. Kh6 Kg8 69. Kg6
1-0

[Event "A test for players who move fairly quickly"]
[Site "SchemingMind.com"]
[Date "2012.09.02"]
[Round "-"]
[White "roque"]
[Black "ray winteringham"]
[Result "1-0"]
[WhiteCountry "FRA"]
[BlackCountry "ENG"]
[WhiteElo "1893"]
[WhiteRD "81"]
[BlackElo "1532"]
[BlackRD "50"]
[GameID "317199"]

1. e4 e5 2. Nf3 d6 3. d4 exd4 4. Nxd4 Nc6 5. Nxc6 bxc6 6. Bc4 Bb7 7. Qf3 Qd7 8. Nc3 O-O-O 9. Bxf7 Nf6 10. Bb3 Kb8
11. O-O Be7 12. Be3 Rhf8 13. Qe2 c5 14. Rad1 Bxe4 15. Bxc5 Qf5 16. Qb5+ Kc8 17. Bxa7 Qxb5 18. Nxb5 Bc6 19. Nd4 Kd7 20. Be6+ Ke8
21. Nxc6
1-0

[Event "A test for players who move fairly quickly"]
[Site "SchemingMind.com"]
[Date "2012.09.02"]
[Round "-"]
[White "keen"]
[Black "ray winteringham"]
[Result "1-0"]
[WhiteCountry "SCO"]
[BlackCountry "ENG"]
[WhiteElo "1762"]
[WhiteRD "59"]
[BlackElo "1532"]
[BlackRD "50"]
[GameID "317200"]

1. d4 d5 2. e3 Nf6 3. Bd3 b6 4. Nd2 e6 5. f4 Bb7 6. Ngf3 Bd6 7. O-O O-O 8. Ne5 c5 9. g4 Nc6 10. g5 Bxe5
11. dxe5 Nd7 12. Bxh7+ Kxh7 13. Qh5+ Kg8 14. Rf3 Ne7 15. Rh3 f6 16. g6 Nxg6 17. Qxg6
1-0

[Event "A test for players who move fairly quickly"]
[Site "SchemingMind.com"]
[Date "2012.09.05"]
[Round "-"]
[White "mmccaffe"]
[Black "ray winteringham"]
[Result "1-0"]
[WhiteCountry "USA"]
[BlackCountry "ENG"]
[WhiteElo "1622"]
[WhiteRD "59"]
[BlackElo "1496"]
[BlackRD "50"]
[GameID "317201"]

1. e4 e5 2. Nf3 Nc6 3. Bb5 d6 4. Bxc6+ bxc6 5. d4 Bg4 6. O-O h6 7. dxe5 dxe5 8. Qxd8+ Rxd8 9. Nxe5 Bd7 10. Rd1 Bd6
11. Nxd7 Rxd7 12. Nc3 Nf6 13. f4 Be7 14. Rxd7 Nxd7 15. Be3 a6 16. Rd1 Nb6 17. Bxb6 cxb6 18. e5 Bc5+ 19. Kf1 O-O 20. Ne4 Bb4
21. a3 Be7 22. Rd7 Re8 23. Nd6 Bxd6 24. Rxd6 Re6 25. Rxe6 fxe6 26. Ke2 Kf7 27. Ke3 Kg6 28. g4 h5 29. h3 h4 30. Ke4 a5
31. c4 a4 32. f5+ Kf7 33. g5 exf5+ 34. Kxf5 g6+ 35. Kf4 Ke6 36. Ke4 c5 37. Kf4 Ke7 38. Kg4 Ke6 39. Kxh4 Kxe5 40. Kg4 Ke6
41. h4 Kf7 42. h5 gxh5+ 43. Kxh5 Kg7 44. g6 Kh8 45. Kh6
1-0

[Event "A test for players who move fairly quickly"]
[Site "SchemingMind.com"]
[Date "2012.09.02"]
[Round "-"]
[White "lennart"]
[Black "ray winteringham"]
[Result "1-0"]
[WhiteCountry "SWE"]
[BlackCountry "ENG"]
[WhiteElo "1471"]
[WhiteRD "55"]
[BlackElo "1532"]
[BlackRD "50"]
[GameID "317204"]

1. e4 e5 2. Nf3 d6 3. Nc3 Bg4 4. h3 Bh5 5. d3 Nc6 6. g4 Bg6 7. h4 f6 8. g5 Qd7 9. Bh3 Qf7 10. Nd5 h6
11. Be6 Qxe6 12. Nxc7+ Kd7 13. Nxe6 Kxe6 14. gxf6 Nxf6 15. Qd2 Be7 16. Rg1 Kf7 17. Qc3 d5 18. exd5 Bb4 19. Nxe5+ Kg8 20. Nxg6 Bxc3+
21. bxc3 Rh7 22. dxc6 bxc6 23. Ne7+ Kh8 24. Nxc6 Nd7 25. Be3 Ne5 26. Nxe5
1-0

[Event "A test for players who move fairly quickly"]
[Site "SchemingMind.com"]
[Date "2012.09.03"]
[Round "-"]
[White "Scooter"]
[Black "ray winteringham"]
[Result "1-0"]
[WhiteCountry "USA"]
[BlackCountry "ENG"]
[WhiteElo "1806"]
[WhiteRD "47"]
[BlackElo "1532"]
[BlackRD "50"]
[GameID "317205"]

1. d4 d5 2. Nf3 Nf6 3. Bf4 e6 4. e3 Bd6 5. Bxd6 Qxd6 6. c3 O-O 7. Be2 b6 8. O-O c5 9. Nbd2 Ng4 10. h3 Nf6
11. Qc2 Bb7 12. Rfd1 c4 13. Ne5 Nbd7 14. Ndf3 a5 15. b3 b5 16. bxc4 bxc4 17. Rab1 Rab8 18. Nxd7 Qxd7 19. Rb6 Bc6 20. Ne5 Ba4
21. Nxd7 Bxc2 22. Rxb8 Bxd1 23. Rxf8#
1-0

[Event "A test for players who move fairly quickly"]
[Site "SchemingMind.com"]
[Date "2012.09.02"]
[Round "-"]
[White "kenneth m day"]
[Black "ray winteringham"]
[Result "1-0"]
[WhiteCountry "USA"]
[BlackCountry "ENG"]
[WhiteElo "1775"]
[WhiteRD "51"]
[BlackElo "1532"]
[BlackRD "50"]
[GameID "317206"]

1. e4 e5 2. Nf3 d6 3. d4 Bg4 4. dxe5 Bxf3 5. Qxf3 dxe5 6. Bc4 Qd7 7. Be3 Nf6 8. Nc3 Bd6 9. O-O-O O-O 10. h4 h5
11. Nd5 Ng4 12. Bg5 Kh7 13. g3 Nc6 14. c3 Na5 15. Be2 Qa4 16. Kb1 Rab8 17. Qf5+ Kg8 18. Bxg4 hxg4 19. Qxg4 Nc4 20. Bh6 g6
21. h5 Qb5 22. b3 Na3+ 23. Kc1 Qc5 24. Be3 Qc6 25. hxg6 Kg7 26. Rh7+ Kg8 27. gxf7+ Kxh7 28. Rh1#
1-0

[Event "A test for players who move fairly quickly"]
[Site "SchemingMind.com"]
[Date "2012.09.03"]
[Round "-"]
[White "hoochicoochiman"]
[Black "ray winteringham"]
[Result "1-0"]
[WhiteCountry "ENG"]
[BlackCountry "ENG"]
[WhiteElo "1627"]
[WhiteRD "80"]
[BlackElo "1532"]
[BlackRD "50"]
[GameID "317207"]

1. c4 e6 2. d4 Nf6 3. Nc3 Bb4 4. Bd2 O-O 5. Nf3 h6 6. a3 Bxc3 7. Bxc3 d6 8. Qc2 b6 9. e4 Bb7 10. d5 Nbd7
11. Bd3 e5 12. b4 c5 13. dxc6 Bxc6 14. b5 Bb7 15. Bb4 Nc5 16. Nd2 Ng4 17. h3 Nxf2 18. Kxf2 Ne6 19. Nf3 Qf6 20. Bxd6 Nd4
21. Bxe5 Nxc2 22. Bxf6 gxf6 23. Bxc2 Rad8 24. Rhd1 Rc8 25. Rd4 Rfd8 26. Rad1 Kh7 27. Rxd8
1-0